[Event "PokerStars IoM Masters 2014"]
[Site "Douglas ENG"]
[Date "2014.10.07"]
[Round "4.1"]
[White "Vachier-Lagrave, Maxime"]
[Black "Hebden, Mark L"]
[Result "1-0"]
[WhiteTitle "GM"]
[BlackTitle "GM"]
[WhiteElo "2757"]
[BlackElo "2540"]
[WhiteFideId "623539"]
[BlackFideId "400084"]
[EventDate "2014.10.04"]

1. d4 Nf6 2. c4 g6 3. Nf3 Bg7 4. g3 c5 5. Bg2 Qa5+ 6. Nc3 Ne4 7. Qd3 Nc6 8. Qxe4
cxd4 9. Nxd4 Nxd4 10. O-O d6 11. Nd5 e6 12. Bg5 f5 13. Qe3 Kf7 14. b4 Qa4 15.
Rad1 Nc2 16. Qd2 h6 17. Bf4 Na3 18. Nc7 Nxc4 19. Qc1 Qxb4 20. Nxa8 e5 21. Nc7 1-0

[Event "PokerStars IoM Masters 2014"]
[Site "Douglas ENG"]
[Date "2014.10.07"]
[Round "4.2"]
[White "Hawkins, Jonathan"]
[Black "Adams, Michael"]
[Result "1/2-1/2"]
[WhiteTitle "IM"]
[BlackTitle "GM"]
[WhiteElo "2533"]
[BlackElo "2758"]
[WhiteFideId "412686"]
[BlackFideId "400041"]
[EventDate "2014.10.04"]

1. d4 Nf6 2. c4 e6 3. Nf3 d5 4. Nc3 Be7 5. Bg5 h6 6. Bh4 O-O 7. e3 b6 8. Be2 Bb7
9. Bxf6 Bxf6 10. cxd5 exd5 11. b4 c6 12. O-O Re8 13. Qb3 a5 14. bxa5 Rxa5 15. a4
Nd7 16. Rfe1 g6 17. Rad1 Bg7 18. e4 Nf8 19. exd5 cxd5 20. Rb1 Ne6 21. Bb5 Re7
22. Qb4 Ra8 23. Bf1 Rc7 24. Qxb6 Rxc3 25. Qxd8+ Rxd8 26. Rxb7 Ra3 27. Bb5 Nxd4
28. Nxd4 Bxd4 29. g3 Ra2 30. Re2 Rxe2 31. Bxe2 Rc8 32. Rd7 Rc1+ 33. Kg2 Ra1 34.
Rxd5 Rxa4 35. Rd7 Bc5 1/2-1/2

[Event "PokerStars IoM Masters 2014"]
[Site "Douglas ENG"]
[Date "2014.10.07"]
[Round "4.3"]
[White "Sargissian, Gabriel"]
[Black "Vaisser, Anatoly"]
[Result "1/2-1/2"]
[WhiteTitle "GM"]
[BlackTitle "GM"]
[WhiteElo "2690"]
[BlackElo "2531"]
[WhiteFideId "13300881"]
[BlackFideId "603252"]
[EventDate "2014.10.04"]

1. d4 f5 2. Nc3 Nf6 3. Bg5 d5 4. e3 e6 5. Nf3 Be7 6. Bd3 Ne4 7. Bxe7 Qxe7 8. O-O
O-O 9. Ne2 Nd7 10. c4 c6 11. Rc1 Rf6 12. Ne5 Rh6 13. g3 g5 14. f3 Nd6 15. Qd2
Qg7 16. Qc3 Nf7 17. Nxd7 Bxd7 18. Qb4 b6 19. Qe7 Nh8 20. Qxg7+ Kxg7 21. e4 dxe4
22. fxe4 Rf6 23. e5 Rf7 24. d5 c5 25. g4 f4 26. Nc3 exd5 27. cxd5 Bxg4 28. e6
Re7 29. h4 h6 30. hxg5 hxg5 31. Kf2 Ng6 32. Rg1 Ne5 33. Be2 f3 34. Rxg4 Nxg4+
35. Kxf3 Nf6 36. Rg1 g4+ 37. Kf4 Nxd5+ 38. Nxd5 Rxe6 39. Bxg4 Rg6 40. Ne7 Rf8+
41. Nf5+ Kf6 42. Rd1 Rxg4+ 43. Kxg4 Rg8+ 44. Kf4 Rg2 45. Rd6+ Kf7 46. Rd7+ Ke6
47. Rd6+ Kf7 48. Ne3 Rxb2 49. Rd7+ Ke6 50. Rxa7 Rb4+ 51. Kf3 Kd6 52. Ke2 Kc6 53.
Nc2 Rh4 54. a4 Rh3 55. Ne3 c4 56. Nc2 Rh2+ 57. Kd1 c3 58. Ra8 Rh4 59. Ra7 b5 60.
axb5+ Kxb5 61. Rc7 Rh3 62. Ke2 Kb6 63. Rc8 Rh5 64. Rxc3 Rc5 65. Rb3+ Rb5 66. Rh3
Rd5 67. Ke3 Kc5 68. Rh8 Re5+ 69. Kf4 Re7 70. Rc8+ Kd6 71. Ne3 Kd7 72. Rc1 Re8
73. Nc4 Re2 74. Kf5 Rh2 75. Ke5 Rh5+ 76. Kd4 Ke6 77. Re1+ Kf6 78. Nd6 Ra5 79.
Ne4+ Kg6 80. Nc5 Rb5 81. Rg1+ Kf5 82. Rf1+ Kg6 83. Nd3 Ra5 84. Nf4+ Kg5 85. Nd5
Ra8 86. Nf6 Ra5 87. Ke4 Ra4+ 88. Ke5 Ra5+ 89. Nd5 Kg4 90. Rf8 Ra3 91. Nf6+ Kf3
92. Nh5+ Kg4 93. Nf6+ Kf3 94. Nd5+ Kg3 95. Nf4 Ra5+ 96. Ke4 Ra4+ 97. Ke3 Ra3+
98. Nd3 Kg4 99. Rd8 Kf5 100. Kd4 Ra4+ 101. Kd5 Ra5+ 102. Nc5 Ra1 103. Rf8+ Kg4
104. Ke5 Ra5 105. Rf4+ Kg3 106. Rc4 Ra8 107. Ne4+ Kf3 108. Rc3+ Kg4 109. Ke6 Ra7
110. Kd6 Ra8 111. Rc7 Rc8 112. Rc3 Rc5 113. Rb3 Rb5 114. Rh3 Rd5+ 115. Ke6 Ra5
116. Nc5 Rb5 117. Nd3 Ra5 118. Nf4 Kg5 119. Nd5 Ra8 120. Nf6 Ra5 121. Nd5 Kg4
122. Ra3 Ra4 123. Rxa4+ Kg3 124. Rc4 Kf3 125. Rc3+ Ke4 1/2-1/2

[Event "PokerStars IoM Masters 2014"]
[Site "Douglas ENG"]
[Date "2014.10.07"]
[Round "4.4"]
[White "Tiviakov, Sergei"]
[Black "Popilski, Gil"]
[Result "1-0"]
[WhiteTitle "GM"]
[BlackTitle "GM"]
[WhiteElo "2668"]
[BlackElo "2493"]
[WhiteFideId "1008013"]
[BlackFideId "2809060"]
[EventDate "2014.10.04"]

1. e4 e6 2. d4 d5 3. Nd2 c5 4. exd5 Qxd5 5. dxc5 Qxc5 6. Ngf3 Nf6 7. Bd3 Be7 8.
O-O Nbd7 9. a4 O-O 10. a5 Qc7 11. Nb3 Nd5 12. c3 N7f6 13. Re1 Rd8 14. Nbd4 Bd7
15. a6 Rab8 16. Ne5 Bd6 17. Qe2 bxa6 18. Bxa6 Be8 19. Ndf3 h6 20. Qc4 Qb6 21.
Qa2 Bc7 22. h3 Nh5 23. Qc4 Nhf6 24. Qh4 Qd6 25. Bd3 a5 26. Bc2 Qf8 27. Ba4 Bxa4
28. Qxa4 Rb7 29. Qc6 Rb6 30. Qc4 Rc8 31. Qh4 Rb7 32. Ra4 Qe8 33. Ra1 Rcb8 34.
Bxh6 gxh6 35. c4 Rxb2 36. cxd5 Nxd5 37. Ng4 Qd8 38. Qxh6 Bf4 39. Qh5 R8b7 40.
Rad1 Kg7 41. g3 Qh8 42. Rxd5 exd5 43. Qxd5 Rb1 44. Qd4+ Kg8 45. Nf6+ Kf8 46.
Qd8+ Kg7 47. Ne8+ 1-0

[Event "PokerStars IoM Masters 2014"]
[Site "Douglas ENG"]
[Date "2014.10.07"]
[Round "4.5"]
[White "Arkell, Keith C"]
[Black "Short, Nigel D"]
[Result "1/2-1/2"]
[WhiteTitle "GM"]
[BlackTitle "GM"]
[WhiteElo "2450"]
[BlackElo "2646"]
[WhiteFideId "400270"]
[BlackFideId "400025"]
[EventDate "2014.10.04"]

1. Nf3 Nf6 2. c4 c5 3. Nc3 b6 4. g3 Bb7 5. Bg2 Nc6 6. O-O e6 7. d4 Nxd4 8. Nxd4
Bxg2 9. Nxe6 dxe6 10. Qxd8+ Rxd8 11. Kxg2 Bd6 12. Rd1 Ke7 13. f4 Bb8 14. Be3 h5
15. Kf3 Ng4 16. Bg1 f5 17. e4 fxe4+ 18. Nxe4 e5 19. Nc3 exf4 20. Nd5+ Kf7 21.
gxf4 Rh6 22. h3 Nf6 23. Ne3 Rhh8 24. Bf2 Bd6 25. Nf5 Be7 26. Bh4 Rhe8 27. Nxe7
Kxe7 28. f5 Kf7 29. b3 Rxd1 30. Rxd1 Re5 31. Bxf6 Kxf6 32. Rd6+ Kxf5 33. Rd7 g5
34. Rf7+ Ke6 35. Rxa7 Rf5+ 36. Kg3 Kd6 37. Rh7 g4 38. hxg4 1/2-1/2

[Event "PokerStars IoM Masters 2014"]
[Site "Douglas ENG"]
[Date "2014.10.07"]
[Round "4.6"]
[White "Fridman, Daniel"]
[Black "Paehtz, Elisabeth"]
[Result "1-0"]
[WhiteTitle "GM"]
[BlackTitle "IM"]
[WhiteElo "2635"]
[BlackElo "2477"]
[WhiteFideId "11600454"]
[BlackFideId "4641833"]
[EventDate "2014.10.04"]

1. d4 Nf6 2. c4 d6 3. Nc3 g6 4. e4 Bg7 5. Be2 Nbd7 6. Nf3 e5 7. O-O O-O 8. Qc2
exd4 9. Nxd4 c6 10. Bf4 Qe7 11. Rad1 Rd8 12. Rfe1 Nc5 13. Bf1 Nh5 14. Be3 Ne6
15. Qd2 Nf6 16. f3 Qc7 17. Nde2 b6 18. Bh6 Bh8 19. Nf4 Ne8 20. b4 a6 21. a4 Be5
22. Nfe2 Bb7 23. g3 Bh8 24. Be3 Nf6 25. Rc1 Nf8 26. Red1 Ne8 27. Bg5 Bf6 28.
Bxf6 Nxf6 29. Qg5 Ne8 30. Nf4 Ne6 31. Qh4 Nxf4 32. gxf4 Kg7 33. Rc2 Nf6 34. Rcd2
c5 35. b5 a5 36. e5 Ng8 37. Ne4 Bxe4 38. fxe4 f6 39. exd6 Qd7 40. e5 fxe5 41.
Bh3 Qe8 42. d7 1-0

[Event "PokerStars IoM Masters 2014"]
[Site "Douglas ENG"]
[Date "2014.10.07"]
[Round "4.7"]
[White "Marin, Mihail"]
[Black "Merry, Alan B"]
[Result "1-0"]
[WhiteTitle "GM"]
[BlackTitle "FM"]
[WhiteElo "2583"]
[BlackElo "2269"]
[WhiteFideId "1200020"]
[BlackFideId "418811"]
[EventDate "2014.10.04"]

1. Nf3 d5 2. g3 c5 3. Bg2 Nc6 4. d4 Nf6 5. O-O e6 6. c4 dxc4 7. Ne5 Bd7 8. Na3
cxd4 9. Naxc4 Bc5 10. Qb3 Nxe5 11. Nxe5 Qb6 12. Qxb6 Bxb6 13. Bxb7 Rb8 14. Bf3
Rc8 15. a4 Rc2 16. Rd1 Ke7 17. b4 d3 18. Rxd3 Bxa4 19. Be3 Nd7 20. Nxf7 Kxf7 21.
Rxa4 Ne5 22. Bxb6 axb6 23. Rd6 Nxf3+ 24. exf3 Rhc8 25. f4 Rb2 26. f5 exf5 27.
Ra7+ Ke8 28. Rxb6 Re2 29. Rxg7 Kf8 30. Rxh7 Kg8 31. Ra7 Rb2 32. Rf6 Rf8 33.
Rxf8+ Kxf8 34. Ra5 1-0

[Event "PokerStars IoM Masters 2014"]
[Site "Douglas ENG"]
[Date "2014.10.07"]
[Round "4.8"]
[White "Boruchovsky, Avital"]
[Black "Granda Zuniga, Julio E"]
[Result "1-0"]
[WhiteTitle "GM"]
[BlackTitle "GM"]
[WhiteElo "2501"]
[BlackElo "2674"]
[WhiteFideId "2800055"]
[BlackFideId "3800024"]
[EventDate "2014.10.04"]

1. e4 c5 2. Nf3 Nc6 3. d4 cxd4 4. Nxd4 e6 5. Nc3 a6 6. Be3 Nge7 7. g3 b5 8. Bg2
Bb7 9. O-O Ne5 10. Qe2 Nc4 11. Ndxb5 axb5 12. Nxb5 d5 13. Bf4 Ng6 14. Nc7+ Kd7
15. Nxa8 Nxf4 16. gxf4 Qxa8 17. Rfd1 Bd6 18. e5 Ba6 19. exd6 Nxb2 20. Qh5 g6 21.
Qg5 Qd8 22. Qxd8+ Rxd8 23. Rdb1 Nc4 24. Bf1 Kc6 25. Bxc4 Bxc4 26. a4 Rxd6 27.
Rb8 Rd7 28. Rab1 Ra7 29. R1b4 h6 30. Kg2 Kc7 31. Rh8 Kd6 32. c3 Bd3 33. Rhb8 Kc7
34. Kf3 Bc2 35. a5 Rxa5 36. R4b7+ Kd6 37. Rxf7 Bf5 38. Rd8+ Kc6 39. Rc8+ Kd6 40.
Rcc7 e5 41. Ra7 1-0

[Event "PokerStars IoM Masters 2014"]
[Site "Douglas ENG"]
[Date "2014.10.07"]
[Round "4.9"]
[White "Givon, Asaf"]
[Black "Jones, Gawain C B"]
[Result "0-1"]
[WhiteTitle "IM"]
[BlackTitle "GM"]
[WhiteElo "2431"]
[BlackElo "2664"]
[WhiteFideId "2801841"]
[BlackFideId "409561"]
[EventDate "2014.10.04"]

1. e4 d6 2. d4 Nf6 3. Nc3 g6 4. f4 Bg7 5. Bd3 O-O 6. Nf3 Nc6 7. e5 dxe5 8. fxe5
Nh5 9. Ne2 Bg4 10. c3 Qd5 11. O-O Rad8 12. Bc2 Bxf3 13. gxf3 Nxe5 14. dxe5 Qc5+
15. Nd4 Bxe5 16. Be3 Bf4 17. Bxf4 Nxf4 18. Kh1 e5 19. Qc1 Qc4 20. Re1 Rfe8 21.
Bb3 Qc5 22. Qe3 Nd5 23. Qg5 h6 24. Ne6 Qf2 25. Qg3 Qxg3 26. hxg3 Rxe6 27. Rad1
Red6 28. Rxe5 c6 29. Re2 Kf8 30. Red2 R6d7 31. Rh2 h5 32. Bxd5 Rxd5 33. Rxd5
Rxd5 34. Re2 b5 35. Kg2 g5 36. Kf2 Kg7 37. f4 g4 38. Ke3 Rd1 39. b4 Rg1 40. Kf2
Rc1 41. Re5 Rc2+ 42. Kf1 Rxc3 43. Rxh5 Rxg3 0-1

[Event "PokerStars IoM Masters 2014"]
[Site "Douglas ENG"]
[Date "2014.10.07"]
[Round "4.10"]
[White "Howell, David W L"]
[Black "Gormally, Daniel W"]
[Result "1-0"]
[WhiteTitle "GM"]
[BlackTitle "GM"]
[WhiteElo "2657"]
[BlackElo "2488"]
[WhiteFideId "410608"]
[BlackFideId "406465"]
[EventDate "2014.10.04"]

1. e4 c5 2. c3 d6 3. d4 Nf6 4. Bd3 cxd4 5. cxd4 g6 6. Nf3 Bg7 7. O-O O-O 8. h3
Nc6 9. Nc3 e5 10. dxe5 dxe5 11. Bc4 h6 12. Be3 Qxd1 13. Rfxd1 a6 14. a4 Re8 15.
Rac1 Na5 16. Ba2 Bd7 17. Rd6 Rac8 18. Nd5 Nxd5 19. Rxd7 Nxe3 20. Bxf7+ Kh7 21.
Rxc8 Rxc8 22. fxe3 g5 23. Be6 Rc1+ 24. Kh2 Kg6 25. h4 gxh4 1-0

[Event "PokerStars IoM Masters 2014"]
[Site "Douglas ENG"]
[Date "2014.10.07"]
[Round "4.11"]
[White "Gupta, Abhijeet"]
[Black "Kobo, Ori"]
[Result "0-1"]
[WhiteTitle "GM"]
[BlackTitle "FM"]
[WhiteElo "2640"]
[BlackElo "2380"]
[WhiteFideId "5010608"]
[BlackFideId "2812320"]
[EventDate "2014.10.04"]

1. Nf3 g6 2. c4 Bg7 3. Nc3 c5 4. g3 Nc6 5. Bg2 d6 6. O-O e6 7. a3 Nge7 8. b4 b6
9. e3 Bb7 10. d4 O-O 11. Rb1 Rc8 12. Bd2 cxd4 13. Nxd4 d5 14. Nxc6 Bxc6 15. c5
bxc5 16. bxc5 Qd7 17. Qc2 d4 18. Ne4 Nf5 19. Rfe1 dxe3 20. Bxe3 Nxe3 21. Rxe3
Bd5 22. Qd3 Qc6 23. Qb5 Bd4 24. Qxc6 Bxc6 25. Rd3 Bxe4 26. Bxe4 Bxc5 27. Rb7 Bb6
28. Rdd7 Rc3 29. a4 Rc4 30. a5 Bxa5 31. Bd3 Rc1+ 32. Kg2 Bb6 33. Kf3 Kg7 34. Ke2
Rh1 35. f4 Rxh2+ 36. Kf3 h5 37. Re7 Rf2+ 38. Ke4 Rg2 39. Kf3 Rf2+ 40. Ke4 Kf6
41. Bb5 Rc2 42. Kd3 Rcc8 43. Ke2 Rc5 44. Ba4 Rc3 45. Bb5 Rcc8 46. Ba4 Bc5 47.
Red7 Rcd8 48. Rdc7 Bd6 49. Rc4 Bb8 50. Bd7 Rh8 51. Kf3 Rdf8 52. Rcb4 Bd6 53. Rd4
Rb8 54. Rxb8 Bxb8 55. Rb4 Bd6 56. Rb7 Bb8 57. Ba4 a5 58. Rb5 h4 59. gxh4 Bxf4
60. h5 Rxh5 61. Rxh5 gxh5 62. Kxf4 h4 63. Bb3 h3 64. Kg3 Ke5 65. Kxh3 Kd4 66.
Kg4 e5 67. Kf3 Kd3 68. Bxf7 e4+ 69. Kf4 e3 70. Be8 Kd2 0-1

[Event "PokerStars IoM Masters 2014"]
[Site "Douglas ENG"]
[Date "2014.10.07"]
[Round "4.12"]
[White "Greenfeld, Alon"]
[Black "Steinberg, Nitzan"]
[Result "0-1"]
[WhiteTitle "GM"]
[BlackTitle "IM"]
[WhiteElo "2542"]
[BlackElo "2435"]
[WhiteFideId "2800039"]
[BlackFideId "2801795"]
[EventDate "2014.10.04"]

1. d4 d5 2. c4 c6 3. Nf3 Nf6 4. Nc3 e6 5. e3 Nbd7 6. Bd3 dxc4 7. Bxc4 b5 8. Bd3
Bd6 9. O-O O-O 10. Bd2 Bb7 11. Ne2 a6 12. b4 e5 13. Ng3 g6 14. Qc2 Qe7 15. a3
Bc7 16. Rae1 Rfe8 17. e4 Bb6 18. Qc1 Rad8 19. Bg5 Qd6 20. Bb1 exd4 21. e5 Nxe5
22. Rxe5 Rxe5 23. Bf4 Rde8 24. Nxe5 Rxe5 25. Bxe5 Qxe5 26. Re1 Qd6 27. Qg5 Bc8
28. Bd3 Kg7 29. h4 h6 30. Qc1 h5 31. Qg5 a5 32. Bf5 Bd7 33. Bxd7 Qxd7 34. Re5
Bd8 35. bxa5 Ng4 36. Nf5+ Kh7 37. Qf4 d3 38. Re1 gxf5 39. Qb4 Bxh4 40. g3 Bxg3 0-1

[Event "PokerStars IoM Masters 2014"]
[Site "Douglas ENG"]
[Date "2014.10.07"]
[Round "4.13"]
[White "Fressinet, Laurent"]
[Black "Bakalchuk, Johnatan"]
[Result "1-0"]
[WhiteTitle "GM"]
[BlackTitle "FM"]
[WhiteElo "2713"]
[BlackElo "2317"]
[WhiteFideId "608742"]
[BlackFideId "2810301"]
[EventDate "2014.10.04"]

1. e4 c5 2. Nf3 Nc6 3. Bb5 g6 4. Bxc6 bxc6 5. O-O Bg7 6. Re1 Nh6 7. c3 O-O 8. d4
cxd4 9. cxd4 d5 10. e5 f6 11. Nbd2 Nf7 12. Qa4 Qb6 13. exf6 exf6 14. b3 Bd7 15.
Ba3 Rfe8 16. Bc5 Qc7 17. Rxe8+ Bxe8 18. Re1 Nd6 19. Qa6 Nf7 20. b4 g5 21. Nb3
Bd7 22. a4 g4 23. Nfd2 Ng5 24. Re7 Bf8 25. Re3 Bg7 26. Re7 Bf8 27. Re1 Bg7 28.
Na5 Rb8 29. Rb1 Bf8 30. Bxf8 Kxf8 31. Qd3 Qf4 32. Qc3 Re8 33. Nab3 Kg8 34. Rf1
h5 35. Qg3 Qxg3 36. fxg3 Rb8 37. Nc5 Be8 38. Rb1 Bg6 39. Rb3 Kf7 40. Kf2 Ne6 41.
Nxe6 Kxe6 42. a5 Be4 43. Nf1 f5 44. Ne3 Kd6 45. Rb2 Rf8 46. Ke1 Ke6 47. Nd1 f4
48. gxf4 Rxf4 49. Rf2 Rxf2 50. Kxf2 Kf5 51. Ne3+ Kg5 52. Ke2 Bf5 53. g3 Be4 54.
Kd2 Kf6 55. Nd1 Bg2 56. b5 cxb5 57. Kc3 Ke6 58. Kb4 a6 59. Kc5 Bf1 60. Ne3 Bc4
61. Nc2 Kd7 62. Nb4 Kc7 63. Nxa6+ Kb7 64. Nb4 Ka7 65. Kc6 Ka8 66. Kb6 1-0

[Event "PokerStars IoM Masters 2014"]
[Site "Douglas ENG"]
[Date "2014.10.07"]
[Round "4.14"]
[White "Ansell, Simon T"]
[Black "Hillarp Persson, Tiger"]
[Result "1/2-1/2"]
[WhiteTitle "IM"]
[BlackTitle "GM"]
[WhiteElo "2370"]
[BlackElo "2555"]
[WhiteFideId "402141"]
[BlackFideId "1700812"]
[EventDate "2014.10.04"]

1. e4 c5 2. Nf3 d6 3. d4 cxd4 4. Nxd4 Nf6 5. Nc3 Nc6 6. Bg5 e6 7. Qd2 a6 8. f4
h6 9. Bxf6 Qxf6 10. Nf3 Qd8 11. h4 Be7 12. O-O-O Qc7 13. g4 Bd7 14. Qe3 O-O-O
15. Kb1 Kb8 16. Rh2 d5 17. exd5 exd5 18. Nxd5 Be6 19. c4 Nb4 20. Rhd2 Rxd5 21.
cxd5 Bxg4 22. a3 Bf5+ 23. Ka1 Nc2+ 24. Rxc2 Qxc2 25. Re1 Bf6 26. Nd4 Bxd4 27.
Qxd4 Rc8 28. Bxa6 bxa6 29. Qb6+ 1/2-1/2

[Event "PokerStars IoM Masters 2014"]
[Site "Douglas ENG"]
[Date "2014.10.07"]
[Round "4.15"]
[White "Harika, Dronavalli"]
[Black "Peek, Marcel"]
[Result "1-0"]
[WhiteTitle "GM"]
[BlackTitle "IM"]
[WhiteElo "2528"]
[BlackElo "2359"]
[WhiteFideId "5015197"]
[BlackFideId "1000462"]
[EventDate "2014.10.04"]

1. c4 f5 2. d4 Nf6 3. Nc3 d6 4. Bg5 Nbd7 5. Qc2 g6 6. O-O-O Bg7 7. h4 h6 8. Bf4
Nh5 9. Bh2 Ndf6 10. f3 O-O 11. e4 fxe4 12. g4 exf3 13. gxh5 Ng4 14. Qd2 gxh5 15.
Nh3 Qe8 16. Nd5 Qf7 17. Nf2 c6 18. Nc3 Be6 19. Kb1 Bxc4 20. Bxc4 Qxc4 21. Bg3
Rae8 22. Rhe1 Qf7 23. Ka1 b5 24. Re4 Qg6 25. Ree1 b4 26. Nce4 a5 27. Rc1 Rc8 28.
Nh3 Kh8 29. Nef2 Bf6 30. Nf4 Qf5 31. Ne6 Rg8 32. Nxg4 Rxg4 33. Qxh6+ Qh7 34.
Qxh7+ Kxh7 35. Bf2 Rg2 36. Rf1 a4 37. Kb1 a3 38. Rc2 Rg4 39. Re1 Bxh4 40. Bxh4
Rxh4 41. d5 c5 42. Ng5+ Kg6 43. Nxf3 Rf4 44. Rg2+ Rg4 45. Re6+ Kf7 46. Rge2 Rc7
47. Rh6 axb2 48. Rxh5 c4 49. Kxb2 Kg6 50. Rh8 Kg7 51. Reh2 c3+ 52. Kc1 Rb7 53.
Re8 Rf4 54. Ng5 Rf1+ 55. Kc2 Ra1 56. Ne6+ Kf6 57. Rf8+ Kg6 58. Rg2+ Kh7 59. Rg7+
Kh6 60. Rh8# 1-0

[Event "PokerStars IoM Masters 2014"]
[Site "Douglas ENG"]
[Date "2014.10.07"]
[Round "4.16"]
[White "Reshef, Omer"]
[Black "Tarjan, James E"]
[Result "1/2-1/2"]
[WhiteTitle "FM"]
[BlackTitle "GM"]
[WhiteElo "2397"]
[BlackElo "2525"]
[WhiteFideId "2804336"]
[BlackFideId "2000180"]
[EventDate "2014.10.04"]

1. e4 e5 2. Nf3 Nc6 3. Nc3 Nf6 4. Bb5 Bb4 5. O-O O-O 6. d3 d6 7. Bg5 Bxc3 8.
bxc3 h6 9. Bh4 Bd7 10. Re1 a6 11. Ba4 Ne7 12. Bxd7 Nxd7 13. Bxe7 Qxe7 14. d4 b5
15. a4 c6 16. Qd3 Nb6 17. a5 Nc4 18. Nd2 Nxd2 19. Qxd2 c5 20. f4 cxd4 21. cxd4
exd4 22. Qxd4 Rfc8 23. Rad1 Rxc2 24. Qxd6 Qxd6 25. Rxd6 Ra2 26. Rc1 b4 27. Rd7
b3 28. Rb7 Rb2 29. h3 Rd8 30. Rc3 Rdd2 31. Rg3 Rb1+ 32. Kh2 b2 1/2-1/2

[Event "PokerStars IoM Masters 2014"]
[Site "Douglas ENG"]
[Date "2014.10.07"]
[Round "4.17"]
[White "Raznikov, Danny"]
[Black "Kolbus, Dietmar"]
[Result "1-0"]
[WhiteTitle "IM"]
[BlackTitle "IM"]
[WhiteElo "2492"]
[BlackElo "2316"]
[WhiteFideId "2811154"]
[BlackFideId "4610628"]
[EventDate "2014.10.04"]

1. d4 d5 2. c4 e6 3. Nc3 Nf6 4. cxd5 exd5 5. Bg5 Be7 6. e3 c6 7. Qc2 Nbd7 8. Bd3
Nb6 9. h3 h6 10. Bf4 Bd6 11. Nge2 Be6 12. O-O-O Rc8 13. Kb1 Rc7 14. g4 Bxf4 15.
Nxf4 Re7 16. f3 Qd6 17. Qd2 Bc8 18. h4 Kd8 19. g5 hxg5 20. hxg5 Rxh1 21. Rxh1
Ne8 22. Qc1 g6 23. e4 dxe4 24. Bxe4 Nc7 25. d5 cxd5 26. Ncxd5 Nbxd5 27. Nxd5
Nxd5 28. Rh8+ Re8 29. Rxe8+ Kxe8 30. Qxc8+ Ke7 31. Qxb7+ Nc7 32. a3 Qb6 33. Qc8
Ne6 34. Qc1 Qd4 35. Ka2 Qe5 36. Qe3 a5 37. Qa7+ Kf8 38. Qa8+ Ke7 39. Qb7+ Nc7
40. Bc2 Qc5 41. Bb3 Kf8 42. Qc8+ Ke7 43. f4 a4 44. Bxa4 Qc4+ 45. Bb3 Qxf4 46. a4
Qe5 47. Qb7 Qc5 48. Qf3 Qxg5 49. Qxf7+ Kd6 50. Bc2 Qd5+ 51. Qxd5+ Nxd5 52. Bxg6
Kc5 53. Kb3 Nb4 54. Be4 Na6 55. a5 Nb4 56. Ka4 Na6 57. Bb7 Nc7 58. b4+ Kd6 59.
a6 1-0

[Event "PokerStars IoM Masters 2014"]
[Site "Douglas ENG"]
[Date "2014.10.07"]
[Round "4.18"]
[White "Cox, John J"]
[Black "Smith, Bryan G"]
[Result "1/2-1/2"]
[WhiteTitle "IM"]
[BlackTitle "GM"]
[WhiteElo "2368"]
[BlackElo "2482"]
[WhiteFideId "401064"]
[BlackFideId "2017083"]
[EventDate "2014.10.04"]

1. d4 Nf6 2. Nf3 e6 3. c4 Bb4+ 4. Bd2 a5 5. a3 Bxd2+ 6. Qxd2 O-O 7. Nc3 d6 8.
Rd1 Qe7 9. e4 e5 10. dxe5 dxe5 11. Nd5 Nxd5 12. cxd5 Bg4 13. Be2 Bxf3 14. Bxf3
Nd7 15. O-O Nc5 16. b4 axb4 17. axb4 Nb3 18. d6 cxd6 19. Qxd6 Qg5 20. h4 Qf4 21.
Rd3 Ra6 22. Qc7 Nd2 23. Rd1 Nxf3+ 24. Rxf3 Qxh4 25. Qxb7 Rh6 26. Rh3 Qg4 27. f3
Qg5 28. Rxh6 Qe3+ 29. Kf1 Qxh6 30. Qd5 Qa6+ 31. b5 Qa4 32. Rb1 Qc2 33. Qb3 Qc5
34. b6 Rb8 35. b7 h5 36. Ke2 h4 37. Qb6 Qc2+ 38. Kf1 Qd3+ 39. Kf2 Qd2+ 40. Kg1
h3 41. gxh3 Qg5+ 42. Kf2 Qd2+ 43. Kg1 Qg5+ 44. Kf1 Qg3 45. Rb3 Qxh3+ 46. Ke2
Qg2+ 47. Kd1 Qa2 48. Rc3 Qa4+ 49. Ke2 Qd7 50. Rc7 Qh3 51. Qc6 Rd8 52. Rc8 Qg2+
53. Ke1 Qg1+ 54. Ke2 Qg2+ 55. Ke1 1/2-1/2

[Event "PokerStars IoM Masters 2014"]
[Site "Douglas ENG"]
[Date "2014.10.07"]
[Round "4.19"]
[White "Haimovich, Tal"]
[Black "Williams, Simon K"]
[Result "1/2-1/2"]
[WhiteTitle "IM"]
[BlackTitle "GM"]
[WhiteElo "2365"]
[BlackElo "2457"]
[WhiteFideId "2801698"]
[BlackFideId "404454"]
[EventDate "2014.10.04"]

1. e4 d6 2. d4 Nf6 3. Nc3 g6 4. Nf3 Bg7 5. Bc4 c6 6. e5 Nd5 7. exd6 Nxc3 8. bxc3
Qxd6 9. O-O O-O 10. Re1 Bg4 11. h3 Bxf3 12. Qxf3 Nd7 13. a4 Qf6 14. Qg3 Nb6 15.
Bd3 Nd5 16. Bd2 Qd6 17. Qxd6 exd6 18. Rab1 b6 19. Be4 Ne7 20. Bf3 Bf6 21. c4
Rac8 22. c5 dxc5 23. dxc5 bxc5 24. Rb7 Nd5 25. Rxa7 c4 26. Rb1 Ra8 27. Rbb7 Bd4
28. Rxa8 Rxa8 29. a5 Kg7 30. Bxd5 cxd5 31. Rb5 Rd8 32. c3 Bf6 33. Kf1 d4 34.
cxd4 Rxd4 1/2-1/2

[Event "PokerStars IoM Masters 2014"]
[Site "Douglas ENG"]
[Date "2014.10.07"]
[Round "4.20"]
[White "Van Foreest, Jorden"]
[Black "Afek, Yochanan"]
[Result "1-0"]
[WhiteTitle "IM"]
[BlackTitle "IM"]
[WhiteElo "2466"]
[BlackElo "2287"]
[WhiteFideId "1039784"]
[BlackFideId "2800462"]
[EventDate "2014.10.04"]

1. e4 c5 2. Nf3 Nc6 3. d4 cxd4 4. Nxd4 g6 5. c4 Bg7 6. Be3 Nf6 7. Nc3 O-O 8. Be2
d6 9. O-O Bd7 10. Nc2 a5 11. f4 a4 12. Na3 Na5 13. e5 Ne8 14. Nd5 Nc6 15. Nb6
Ra5 16. c5 Be6 17. Nac4 Ra6 18. Nxa4 Qb8 19. cxd6 exd6 20. exd6 Rxa4 21. Qxa4 b5
22. Qa6 Nb4 23. Qb6 1-0

[Event "PokerStars IoM Masters 2014"]
[Site "Douglas ENG"]
[Date "2014.10.07"]
[Round "4.21"]
[White "Shvayger, Yuliya"]
[Black "Jedynak, Radoslaw"]
[Result "1-0"]
[WhiteTitle "WIM"]
[BlackTitle "GM"]
[WhiteElo "2306"]
[BlackElo "2453"]
[WhiteFideId "14100126"]
[BlackFideId "1109243"]
[EventDate "2014.10.04"]

1. e4 e6 2. d4 d5 3. Nd2 a6 4. Ngf3 Nf6 5. e5 Nfd7 6. Bd3 c5 7. c3 Nc6 8. O-O g5
9. g4 h5 10. h3 hxg4 11. hxg4 Qb6 12. b3 cxd4 13. cxd4 Nxd4 14. Bb2 Nc6 15. a3
Nc5 16. Qc2 Nxd3 17. Qxd3 Bd7 18. Kg2 Bg7 19. Rh1 O-O-O 20. Rh7 Rhg8 21. b4 Rdf8
22. Nb3 f5 23. Nc5 fxg4 24. Nxg5 Rf5 25. Nge4 Rf3 26. Nd6+ Kc7 27. Qc2 d4 28.
Rd1 Nxe5 29. Nxd7+ Kxd7 30. Rxd4 Qc6 31. Nxb7+ Kc7 32. Qxc6+ Kxc6 33. Na5+ Kb5
34. Re4 Rf5 35. Rxg7 Rxg7 36. Bxe5 Rgf7 37. Bg3 Rf3 38. Nc4 Rg7 39. Ne5 1-0